000 00264nam a22001097a 4500
003 OSt
005 20260225144541.0
008 260225b |||||||| |||| 00| 0 eng d
040 _cMvule Africa
245 _african Institute for Leaders and Leadership
942 _2ddc
_cBK
999 _c4177
_d4177